00937 a2200193 450000100060000002000180000604100080002408200150003210000210004725000110006852004410007952100110052085600240053104000250055524500640058026000270064430000320067170000400070345013 a9788532271969 apor aYear 4 028 aPrieto, Heloisa. a1. Ed. aConheça a história de Rosa, uma linda princesa que adorava cantar pelos jardins do palácio em que vivia ao lado de seus pais, o rei Tancredo e a rainha Serena. Só que, embora fosse muito meiga e inteligente, Rosa se recusava a aprender a ler. Seus pais tentavam de tudo, mas não tinha jeito: a garota não queria saber de livros! Mas o passeio com seu gato Chiado e o encontro com a bruxa Serpentina fazem Rosa mudar de ideia aYear 4 u000025/00002585.jpg aBR-BrIDEAcBR-BrIDEA10aA princesa que não queria aprender a lerc Heloisa Prieto aSão PaulobFTDc2009 a37 p.e23.6 x 21.2 x 0.4 cm aTokitaka, Janainad1986eilustrador